Esbozo histórico del sistema de la condicionalidad. Los "servicios" del F.M.I.

Guardat en:
Dades bibliogràfiques
Format: Text
Publicat: s.l.: s.e.
Etiquetes: Afegir etiqueta
Sense etiquetes, Sigues el primer a etiquetar aquest registre!

MARC

LEADER 00000 a a2200000 04500
001 23962
003
040 |a CRAI/IIS  |c CRAI/IIS 
090 |a 169400  
245 |a Esbozo histórico del sistema de la condicionalidad. Los "servicios" del F.M.I.  
260 |a s.l.:   |b s.e.  
300 |a pp. 169-189  
999 |c 16103  |d 16103